| 000 | 00522nam a2200193Ia 4500 | ||
|---|---|---|---|
| 008 | 151119s9999||||xx |||||||||||||| ||und|| | ||
| 082 | _a915 | ||
| 082 | _bGKKV5665 | ||
| 100 | _aपाणंदीकर उषा | ||
| 245 | _aआम्ही लमाण | ||
| 260 | _a-- | ||
| 260 | _b-- | ||
| 260 | _c0 | ||
| 600 | _aपाणंदीकर उषा | ||
| 630 | _aआम्ही लमाण | ||
| 700 | _aपाणंदीकर उषा | ||
| 730 | _aआम्ही लमाण | ||
| 942 | _cBOOK | ||
| 999 |
_c1060663 _d1060660 |
||